Handbook of coastal engineering /
Đã lưu trong:
| Tác giả chính: | |
|---|---|
| Định dạng: | Sách |
| Ngôn ngữ: | English |
| Được phát hành: |
London :
McGraw-Hill,
1999.
|
| Những chủ đề: | |
| Các nhãn: |
Thêm thẻ
Không có thẻ, Là người đầu tiên thẻ bản ghi này!
|
| Thư viện lưu trữ: | Mạng thư viện Đại học Đà Nẵng |
|---|
| LEADER | 01031cam a2200337 i 4500 | ||
|---|---|---|---|
| 001 | 000046238 | ||
| 003 | 5697 | ||
| 005 | 20030312154618.0 | ||
| 008 | 010220|1999 vm 000 eng | ||
| 020 | |a 0071344020 | ||
| 040 | |a IRC |c IRC |d IRC | ||
| 041 | 0 | |a eng | |
| 082 | 1 | 4 | |a 627.58 |b HE-J |
| 100 | 1 | |a Herbich, John B. | |
| 245 | 0 | 0 | |a Handbook of coastal engineering / |c John B. Herbich. |
| 260 | |a London : |b McGraw-Hill, |c 1999. | ||
| 300 | |a 750p. : |b ill. | ||
| 630 | 0 | 4 | |a Coastal engineering. |
| 650 | 0 | 4 | |a Coastal engineering. |
| OWN | |a DUT | ||
| AVA | |a UDN50 |b DUT |c Book |d 627.58 HE-J |e available |t Error 5001 Not defined in file expand_doc_bib_avail. |f 1 |g 0 |h N |i 0 |j SH |k 1 | ||
| 999 | |a From the UDN01 | ||
| AVA | |a UDN50 |b DUT |c Book |d 627.58 HE-J |e available |t Error 5001 Not defined in file expand_doc_bib_avail. |f 1 |g 0 |h N |i 0 |j SH |k 1 | ||
| TYP | |a Monograph | ||
| TYP | |a Printed language | ||
| 980 | |a Mạng thư viện Đại học Đà Nẵng | ||


